000 nam a22 7a 4500
999 _c8075
_d8075
008 171127b xxu||||| |||| 00| 0 eng d
100 _aShaeky.G.
_94521
245 _aPassages Adult life
260 _aCanada
_c1977